Musiques de films - Statistiques

Statistiques générales
  • Ce quiz a été pris 738 fois
  • Le résultat moyen est 5 sur 12
Statistiques - réponses
Musique Artiste Film % Correct
My Heart Will Go On Celine Dion Titanic
89%
Il En Faut Peu Pour Être Heureux Baloo Le Livre De La Jungle
83%
You're the One That I Want John Travolta, Olivia Newton-John Grease
69%
Where Is My Mind? Pixies Fight Club
51%
Eye of the Tiger Survivor Rocky 3 : L'Œil du tigre
42%
Stayin' Alive Bee Gees La Fièvre du Samedi Soir
34%
All Star Smash Mouth Shrek
32%
You Never Can Tell Chuck Berry Pulp Fiction
23%
Young and Beautiful Lana Del Rey Gatsby Le Magnifique
15%
I Believe I Can Fly R. Kelly Space Jam
11%
Surfin' bird The Trashmen Full Metal Jacket
3%
I Just Called To Say I Love You Stevie Wonder La Fille En Rouge
2%
Aucun quiz correspondant
Distribution des résultats
% des personnes avec chaque résultat
Percentile par nombre de réponses
Votre historique - résultats
Vous n’avez pas pris ce quiz